MARC details
| 000 -CABECERA |
| campo de control de longitud fija |
00894pam a2200265 i 4500 |
| 001 - NÚMERO DE CONTROL |
| campo de control |
000012617 |
| 005 - FECHA Y HORA DE LA ÚLTIMA TRANSACCIÓN |
| campo de control |
20200929163040.0 |
| 008 - DATOS DE LONGITUD FIJA--INFORMACIÓN GENERAL |
| campo de control de longitud fija |
760311s1976 pr b s000 0 spa |
| 010 ## - NÚMERO DE CONTROL DE LA BIBLIOTECA DEL CONGRESO |
| Número de control de LC |
76008191 |
| 020 ## - NÚMERO INTERNACIONAL ESTÁNDAR DEL LIBRO |
| Número Internacional Estándar del Libro |
0847727211 |
| 040 ## - FUENTE DE LA CATALOGACIÓN |
| Centro catalogador/agencia de origen |
DO-SdBNP |
| Centro/agencia transcriptor |
DLC |
| Centro/agencia modificador |
DLC |
| 043 ## - CÓDIGO DE ÁREA GEOGRÁFICA |
| Código de área geográfica |
nwpr--- |
| 050 00 - SIGNATURA TOPOGRÁFICA DE LA BIBLIOTECA DEL CONGRESO |
| Número de clasificación |
LB1051 |
| Número de documento/Ítem |
.D5135 |
| 082 00 - NÚMERO DE LA CLASIFICACIÓN DECIMAL DEWEY |
| Número de clasificación |
370.15 |
| 100 2# - ENTRADA PRINCIPAL--NOMBRE DE PERSONA |
| Nombre de persona |
Diaz de Grana, Lydia, |
| Fechas asociadas al nombre |
1925- |
| 9 (RLIN) |
29344 |
| 245 14 - MENCIÓN DE TÍTULO |
| Título |
Los objetivos educacionales : |
| Resto del título |
criterios claves para la evaluacion del aprendizaje / |
| Mención de responsabilidad, etc. |
Lydia Diaz de Grana. |
| 250 ## - MENCIÓN DE EDICIÓN |
| Mención de edición |
1. ed. |
| 260 ## - PUBLICACIÓN, DISTRIBUCIÓN, ETC. |
| Lugar de publicación, distribución, etc. |
[Rio Piedras] : |
| Nombre del editor, distribuidor, etc. |
Editorial Universitaria, Universidad de Puerto Rico, |
| Fecha de publicación, distribución, etc. |
1976. |
| 300 ## - DESCRIPCIÓN FÍSICA |
| Extensión |
viii, 94 p. ; |
| Dimensiones |
26 cm. |
| 504 ## - NOTA DE BIBLIOGRAFÍA, ETC. |
| Nota de bibliografía, etc. |
Includes bibliographical references. |
| 650 #0 - PUNTO DE ACCESO ADICIONAL DE MATERIA--TÉRMINO DE MATERIA |
| Término de materia o nombre geográfico como elemento de entrada |
Educational psychology. |
| 9 (RLIN) |
29345 |
| 650 #0 - PUNTO DE ACCESO ADICIONAL DE MATERIA--TÉRMINO DE MATERIA |
| Término de materia o nombre geográfico como elemento de entrada |
Education |
| Subdivisión general |
Aims and objectives. |
| 9 (RLIN) |
29029 |
| 650 #0 - PUNTO DE ACCESO ADICIONAL DE MATERIA--TÉRMINO DE MATERIA |
| Término de materia o nombre geográfico como elemento de entrada |
Education |
| Subdivisión geográfica |
Puerto Rico. |
| 9 (RLIN) |
29346 |
| 910 ## - DATOS DE OPCIÓN DEL USUARIO (OCLC) |
| Datos de opción del usuario |
Catalogación derivada |